Normal view
MARC view
- Damour,lisa/Hansell,james
Entry Personal Name
001 - CONTROL NUMBER
- control field: 72
003 - CONTROL NUMBER IDENTIFIER
- control field: JO-AjAnu
005 - DATE AND TIME OF LATEST TRANSACTION
- control field: 20230606070319.0
008 - FIXED-LENGTH DATA ELEMENTS
- fixed length control field: 230606|| aca||aabn | a|a d
040 ## - CATALOGING SOURCE
- Original cataloging agency: JO-AjAnu
- Transcribing agency: JO-AjAnu
100 ## - HEADING--PERSONAL NAME
- Personal name: Damour,lisa/Hansell,james
670 ## - SOURCE DATA FOUND
- Source citation: Work cat.: (JO-AjAnu)40: Damour,lisa/Hansell,james, author, Abnormal psychlolgy